| 000 | 01023cam a22003015i 4500 | ||
|---|---|---|---|
| 999 |
_c1781 _d1781 |
||
| 003 | EG-ScBUE | ||
| 005 | 20200205112920.0 | ||
| 008 | 190724t19801980ilu f b 001 0 eng d | ||
| 020 | _a0226471977 | ||
| 040 |
_aEG-ScBUE _beng _erda _cEG-ScBUE _dEG-ScBUE |
||
| 082 | 0 | 4 |
_a801.95 _bLEN _222 |
| 100 | 1 |
_aLentricchia, Frank, _eauthor. |
|
| 245 | 1 | 0 |
_aAfter the new criticism / _cFrank Lentricchia. |
| 264 | 1 |
_achicago, Illinois : _bThe University of Chicago Press ; _aLondon : _aThe Athlone Press, _c[1980] |
|
| 264 | 4 | _cc1980 | |
| 300 |
_axiv, 384 pages ; _c24 cm |
||
| 336 |
_atext _btxt _2rdacontent |
||
| 337 |
_aunmediated _bn _2rdamedia |
||
| 338 |
_avolume _bnc _2rdacarrier |
||
| 504 | _aIncludes bibliographical references and index. | ||
| 590 | _aAml Khaled | ||
| 650 | 7 |
_aCriticism _xHistory _y20th century. _2BUEsh |
|
| 650 | 7 |
_aCriticism _zUnited States _xHistory _y20th century. _2BUEsh |
|
| 651 | _2BUEsh | ||
| 653 |
_bHHUUEENN _bGGEN _cJuly2019 |
||
| 942 |
_cBB _2ddc |
||